• 首页
  • 本馆介绍
  • 公告通知
  • 最新文献
  • 馆藏检索
  • 电子资源
  • 读者导购
  • 参考咨询
  • 我的图书馆
  • 登录
  • 详细信息显示
  • 放入我的书架
  • 预约/预借图书
  • 作者相关作品
  • 分类相关作品
  • 丛书相关作品
  • 出版社相关作品

书目信息

  • 表格格式
  • 工作单格式
  • 卡片格式
题名:
现代生物科学与生物工程导论
    
 
作者: 杨汝德 主编
分册:  
出版信息: 广州   华南理工大学出版社  2006
页数: 286页
开本: 26cm
丛书名:
单 册:
中图分类: Q-43 , Q81
科图分类:
主题词: 生物学--教材 , 生物工程--教材 , 生物学 , 生物工程
电子资源:
ISBN: 7-5623-2380-1
000 00902nam0 2200277 450
001 1552085579
005 20150131142832.15
010    @a7-5623-2380-1@dCNY28.00
100    @a20060416d2006 em y0chiy50 ea
101 0  @achi
102    @aCN@b440000
105    @aa z 000yy
200 1  @a现代生物科学与生物工程导论@9xian dai sheng wu ke xue yu sheng wu gong cheng dao lun@f杨汝德主编
210    @a广州@c华南理工大学出版社@d2006
215    @a286页@c图@d26cm
300    @a21世纪生物科学与工程系列教材
330    @a本书介绍了生物科学的基础知识及近半个世纪以来主要研究进展与成就,着重论述生物工程四大技术体系的基本原理、基本技术和应用领域。
606 0  @a生物学@j教材
606 0  @a生物工程@j教材
606 0  @a生物学
606 0  @a生物工程
690    @aQ-43@v5
690    @aQ81@v5
701  0 @a杨汝德@9yang ru de@c(生物工程)@4主编
801  0 @aCN@bTSSF@c20150131
905    @aZUCC@dQ-43@eJY22
    
    现代生物科学与生物工程导论/杨汝德主编.-广州:华南理工大学出版社,2006
    286页:图;26cm
    21世纪生物科学与工程系列教材
    
    ISBN 7-5623-2380-1:CNY28.00
    本书介绍了生物科学的基础知识及近半个世纪以来主要研究进展与成就,着重论述生物工程四大技术体系的基本原理、基本技术和应用领域。
●
相关链接 在E读中查询图书 在五车中查询图书 在当当中查询图书 在豆瓣中查询图书


正题名:现代生物科学与生物工程导论     索取号:Q-43/JY22         预约/预借

序号 登录号 条形码 馆藏地/架位号 状态 备注
1 7861441   278614411   学院路分馆/ [索取号:Q-43/JY22] 在馆    
2 7861442   278614420   学院路分馆/ [索取号:Q-43/JY22] 在馆    
唐山师范学院图书馆 欢迎您!
大连网信软件有限公司© 版权所有